000 00601nam a22002297a 4500
003 UA-OsUOA
001 49288
007 ta
008 20070927b un ||||| |||| 00| 0 ukr d
100 _aВласенко В.
090 _a82.09
_bВ58
942 _cBK
040 _aUA-OsUOA
_bukr
_cUA-OsUOA
_dUA-OsUOA
245 _aУкраїнський дожовтневий роман
300 _a148 с.
955 _a1
041 _aukr
080 _a82.09
260 _aК.
_bДніпро
_c1983
650 7 _a82 Література. Літературознавство
_2UDC
999 _c335388
_d335388